LEADER 00940nam a2200193 4500 001 000000339161 003 CaOOAMICUS 005 20200203095318.0 008 200203s1832 it 000 u ita r 040 $aSeMil$bita 245 03$a3: ASP-BLU. 264 1$aFirenze :$bPer V. Batelli e figli,$c1832. 300 $a581 p. ;$c24 cm 773 0 $tDizionario delle scienze naturali nel quale si tratta metodicamente dei differenti esseri della natura, ... accompagnato da una biografia de' pił celebri naturalisti, opera utile ai medici, agli agricoltori, ai mercanti, agli artisti, ai manifattori, ....$dFirenze : Per V. Batelli e figli, 1830-1851.$g3$w()339157 850 $aSeMil 852 $aSeMil$W1$xVenegono$y1$m3XB II 3 FA$j218342$B230280$CSeMilBibl$Z2$F230280 $8I 996 $6245$a3: ASP-BLU$9(OLS)http://semarc/title/427960 996 $6264$aFirenze :$bPer V. Batelli e figli$9(OLS)http://semarc/publisher/58818 LEADER 00650nas a2200205 i 4500 001 000000078777 003 CaOOAMICUS 005 20170228000000.0 008 170228b1970 it uu u0 0ita r 013 $a51014 040 $aSeMil$bita 245 10$a1. 250 $a11. Edizione. 260 $aMilano :$bGutenberg,$c1970. 300 $a447 p. :$bill. ;$c25 cm. 773 0 $tMetropoli.$dMilano : Gutenberg, 1970.$w()33655 850 $aSeMil 852 $aSeMil$W1$xVenegono$y1$m37 5 250$j44593$B44593$CSeMilBibl$Z2$F46373 $85 996 $6245$a1$9(OLS)http://semarc/title/6508 996 $6260$aMilano :$bGutenberg$9(OLS)http://semarc/publisher/48919